[Event "16PCR_ZK01"]
[Site "?"]
[Date "2005.??.??"]
[Round "?"]
[White "Pensimus, Petr"]
[Black "Kasik, Miroslav"]
[Result "0-1"]
[WhiteElo "1814"]
[BlackElo "2025"]
[PlyCount "50"]
[EventDate "2005.??.??"]
[EventType "corr"]
[EventRounds "2"]
[SourceDate "2005.02.23"]

1. e4 c5 2. Nf3 e6 3. d4 cxd4 4. Nxd4 a6 5. a3 Nc6 6. Nc3 Qc7 7. Be3 Nf6 8. Be2
d5 9. exd5 exd5 10. Bg5 Be6 11. Bxf6 gxf6 12. O-O Bd6 13. Nf3 O-O-O 14. Kh1
Rhe8 15. Re1 Bc5 16. Kg1 Rg8 17. Qd2 Ba7 18. b4 Ne5 19. Rad1 Ng4 20. Rf1 Bb8
21. Qd4 Nxh2 22. Rfe1 Rxg2+ 23. Kxg2 Rg8+ 24. Kh1 Nxf3 25. Bxf3 Qh2# 0-1

[Event "16PCR_ZK01"]
[Site "?"]
[Date "2005.??.??"]
[Round "?"]
[White "Pensimus, Petr"]
[Black "Urban, Milos"]
[Result "1-0"]
[WhiteElo "1814"]
[BlackElo "1600"]
[PlyCount "27"]
[EventDate "2005.??.??"]
[EventType "corr"]
[EventRounds "2"]
[SourceDate "2005.02.23"]

1. d4 Nf6 2. c4 e6 3. Nc3 Bb4 4. e3 O-O 5. Bd3 d5 6. a3 Bxc3+ 7. bxc3 dxc4 8.
Bxc4 c5 9. Ne2 Qc7 10. Bb3 b6 11. O-O Ba6 12. Re1 Nbd7 13. Ng3 Rad8 14. e4 1-0

[Event "16PCR_ZK01"]
[Site "?"]
[Date "2005.??.??"]
[Round "?"]
[White "Urban, Milos"]
[Black "Fuka, Miroslav"]
[Result "1/2-1/2"]
[WhiteElo "1600"]
[BlackElo "2078"]
[PlyCount "29"]
[EventDate "2005.??.??"]
[EventType "corr"]
[EventRounds "2"]
[SourceDate "2005.02.23"]

1. e4 Nc6 2. Nf3 d5 3. exd5 Qxd5 4. Nc3 Qa5 5. Be2 Nf6 6. O-O Bg4 7. h3 Bd7 8.
d4 O-O-O 9. Bc4 e6 10. Bd2 h6 11. Nd5 Qa4 12. b3 Qa3 13. Bc1 Qa5 14. Bd2 Qa3
15. Bc1 1/2-1/2

[Event "16PCR_ZK01"]
[Site "?"]
[Date "2005.??.??"]
[Round "?"]
[White "Urban, Milos"]
[Black "Glaser, Karel"]
[Result "0-1"]
[WhiteElo "1600"]
[BlackElo "2039"]
[PlyCount "36"]
[EventDate "2005.??.??"]
[EventType "corr"]
[EventRounds "2"]
[SourceDate "2005.02.23"]

1. e4 e5 2. Nf3 Nc6 3. Bb5 a6 4. Bxc6 dxc6 5. O-O Qd6 6. d3 Ne7 7. Be3 Ng6 8.
Nbd2 Be7 9. Nc4 Qe6 10. Ng5 Qg4 11. Qxg4 Bxg4 12. f3 Bd7 13. Nh3 Bxh3 14. gxh3
Rf8 15. f4 exf4 16. Bxf4 O-O-O 17. Bg3 Bf6 18. e5 Be7 0-1

[Event "16PCR_ZK01"]
[Site "?"]
[Date "2005.??.??"]
[Round "?"]
[White "Urban, Milos"]
[Black "Jezek, Otakar"]
[Result "0-1"]
[WhiteElo "1600"]
[BlackElo "1743"]
[PlyCount "20"]
[EventDate "2005.??.??"]
[EventType "corr"]
[EventRounds "2"]
[SourceDate "2005.02.23"]

1. e4 Nc6 2. Nf3 e5 3. Bb5 Nge7 4. Nc3 Ng6 5. d4 exd4 6. Nxd4 Bb4 7. Bd2 Nxd4
8. Bc4 Ne5 9. Bb3 O-O 10. Nb5 Bxd2+ 0-1

[Event "16PCR_ZK01"]
[Site "?"]
[Date "2005.??.??"]
[Round "?"]
[White "Urban, Milos"]
[Black "Kasik, Miroslav"]
[Result "0-1"]
[WhiteElo "1600"]
[BlackElo "2025"]
[PlyCount "32"]
[EventDate "2005.??.??"]
[EventType "corr"]
[EventRounds "2"]
[SourceDate "2005.02.23"]

1. e4 c5 2. Nf3 e6 3. d4 cxd4 4. Nxd4 a6 5. Nc3 Qc7 6. Bd3 Nc6 7. Be3 Nf6 8.
Qe2 Bd6 9. g3 O-O 10. Nxc6 dxc6 11. f4 e5 12. f5 Bb4 13. Bd2 b5 14. a3 Bxc3 15.
Bxc3 c5 16. a4 c4 0-1

[Event "16PCR_ZK01"]
[Site "?"]
[Date "2005.??.??"]
[Round "?"]
[White "Urban, Milos"]
[Black "Klimecky, Tomas"]
[Result "0-1"]
[WhiteElo "1600"]
[BlackElo "1800"]
[PlyCount "37"]
[EventDate "2005.??.??"]
[EventType "corr"]
[EventRounds "2"]
[SourceDate "2005.02.23"]

1. e4 c6 2. d4 d5 3. Nc3 dxe4 4. Nxe4 Bf5 5. Ng3 Bg6 6. h4 h6 7. Nf3 Nd7 8. h5
Bh7 9. Bd3 Bxd3 10. Qxd3 e6 11. Bf4 Ngf6 12. O-O-O Be7 13. Kb1 O-O 14. Ne4 Nxe4
15. Qxe4 Nf6 16. Qe2 Qd5 17. Ne5 Qe4 18. Qxe4 Nxe4 19. Rhe1 0-1

[Event "16PCR_ZK01"]
[Site "?"]
[Date "2005.??.??"]
[Round "?"]
[White "Urban, Milos"]
[Black "Pensimus, Petr"]
[Result "0-1"]
[WhiteElo "1600"]
[BlackElo "1814"]
[PlyCount "26"]
[EventDate "2005.??.??"]
[EventType "corr"]
[EventRounds "2"]
[SourceDate "2005.02.23"]

1. e4 e5 2. Nf3 Nf6 3. Nxe5 d6 4. Nf3 Nxe4 5. d4 d5 6. Bd3 Bd6 7. O-O O-O 8. c4
c6 9. Qc2 Na6 10. Bxe4 dxe4 11. Qxe4 Re8 12. Qd3 Nb4 13. Qb3 Bf5 0-1

[Event "16PCR_ZK01"]
[Site "?"]
[Date "2005.??.??"]
[Round "?"]
[White "Klimecky, Tomas"]
[Black "Pensimus, Petr"]
[Result "1/2-1/2"]
[WhiteElo "1800"]
[BlackElo "1814"]
[PlyCount "28"]
[EventDate "2005.??.??"]
[EventType "corr"]
[EventRounds "2"]
[SourceDate "2005.02.23"]

1. Nf3 Nf6 2. g3 d5 3. Bg2 g6 4. O-O Bg7 5. d4 c6 6. c3 O-O 7. Nbd2 Bf5 8. h3
a5 9. Ne5 a4 10. g4 Be6 11. f4 Qc7 12. b4 axb3 13. Qxb3 b5 14. a4 Nfd7 1/2-1/2

[Event "16PCR_ZK01"]
[Site "?"]
[Date "2005.??.??"]
[Round "?"]
[White "Pensimus, Petr"]
[Black "Klimecky, Tomas"]
[Result "1-0"]
[WhiteElo "1814"]
[BlackElo "1800"]
[PlyCount "43"]
[EventDate "2005.??.??"]
[EventType "corr"]
[EventRounds "2"]
[SourceDate "2005.02.23"]

1. e4 c6 2. d4 d5 3. exd5 cxd5 4. c4 Nf6 5. Nc3 g6 6. Bg5 Bg7 7. Nf3 dxc4 8.
Bxc4 O-O 9. O-O Nbd7 10. Bb3 Nb6 11. Re1 Bf5 12. Ne5 h6 13. Bc1 Nfd5 14. Nxd5
Nxd5 15. Qf3 Be6 16. Qe4 Nf6 17. Qxb7 Bxb3 18. Qxb3 Qd5 19. Qa3 Qxd4 20. Nc6
Qh4 21. Nxe7+ Kh7 22. h3 1-0